Studies in ancient technology
Αποθηκεύτηκε σε:
| Κύριος συγγραφέας: | |
|---|---|
| Μορφή: | Βιβλίο |
| Γλώσσα: | English |
| Δημοσίευση: |
Leiden :
E.J. Brill,
1966-1993
|
| Θέματα: | |
| Ετικέτες: |
Προσθήκη ετικέτας
Δεν υπάρχουν, Καταχωρήστε ετικέτα πρώτοι!
|
MARC
| LEADER | 00000nam a2200000 i 4500 | ||
|---|---|---|---|
| 001 | 1/39385 | ||
| 008 | 030820m19661993 eng d | ||
| 020 | |a 9004006214 ((τ.1)) | ||
| 020 | |a 9004006222 ((τ.2)) | ||
| 020 | |a 9004006230 ((τ.3)) | ||
| 020 | |a 9004083073 ((τ.4)) | ||
| 035 | |l 10070613 | ||
| 040 | |a GR-MY-UA |b gre |e aacr | ||
| 041 | 0 | |a eng | |
| 082 | 0 | |a 609 |2 (21) | |
| 100 | 1 | |a Forbes, R. J. |q (Robert James) |d 1900- | |
| 245 | 1 | 0 | |a Studies in ancient technology / |c R.J. Forbes |
| 260 | |a Leiden : |b E.J. Brill, |c 1966-1993 | ||
| 300 | |a τ.; |b εικ., χαρτ.; |c 26 εκ. | ||
| 504 | |a Περιέχει βιβλιογραφία και ευρετήριο | ||
| 505 | 0 | |a Περιεχόμενα: Volume.VI: Heat and heating, Refrigiration, Light | |
| 650 | 0 | 0 | |a Technology |x History. |
| 852 | |a INST |b LESVOS |e 20030820 |h 609 FOR |p 005100026868 |q 005100026868 |t BK |y 0 |z τ.8 | ||
| 852 | |a INST |b LESVOS |e 20030820 |h 609 FOR |p 005100026869 |q 005100026869 |t BK |y 0 |z τ.7 | ||
| 852 | |a INST |b LESVOS |e 20030820 |h 609 FOR |p 005100026870 |q 005100026870 |t BK |y 0 |z τ.6 | ||
| 852 | |a INST |b LESVOS |e 20030820 |h 609 FOR |p 005100026871 |q 005100026871 |t BK |y 0 |z τ.4 | ||
| 852 | |a INST |b LESVOS |e 20030820 |h 609 FOR |p 005100026872 |q 005100026872 |t BK |y 0 |z τ.3 | ||
| 852 | |a INST |b LESVOS |e 20030820 |h 609 FOR |p 005100026873 |q 005100026873 |t BK |y 0 |z τ.2 | ||
| 852 | |a INST |b LESVOS |e 20030820 |h 609 FOR |p 005100026874 |q 005100026874 |t BK |y 0 |z τ.1 | ||
| 852 | |a INST |b LESVOS |e 20030820 |h 609 FOR |p 005100026868 |q 005100026868 |t BK |v τ.8: |y 0 |z τ.8 | ||
| 852 | |a INST |b LESVOS |e 20030820 |h 609 FOR |p 005100026869 |q 005100026869 |t BK |v τ.7: |y 0 |z τ.7 | ||
| 852 | |a INST |b LESVOS |e 20030820 |h 609 FOR |p 005100026870 |q 005100026870 |t BK |v τ.6: |y 0 |z τ.6 | ||
| 852 | |a INST |b LESVOS |e 20030820 |h 609 FOR |p 005100026871 |q 005100026871 |t BK |v τ.4: |y 0 |z τ.4 | ||
| 852 | |a INST |b LESVOS |e 20030820 |h 609 FOR |p 005100026872 |q 005100026872 |t BK |v τ.3: |y 0 |z τ.3 | ||
| 852 | |a INST |b LESVOS |e 20030820 |h 609 FOR |p 005100026873 |q 005100026873 |t BK |v τ.2: |y 0 |z τ.2 | ||
| 852 | |a INST |b LESVOS |e 20030820 |h 609 FOR |p 005100026874 |q 005100026874 |t BK |v τ.1: |y 0 |z τ.1 | ||
| 853 | |a INST |b LESVOS |h 609 FOR | ||
| 901 | |a BIBL1-2003-2 | ||
| 909 | |a Λ |b 105805 | ||
| 909 | |a Λ |b 105806 | ||
| 909 | |a Λ |b 105807 | ||
| 909 | |a Λ |b 105808 | ||
| 909 | |a Λ |b 105809 | ||
| 909 | |a Λ |b 105810 | ||
| 909 | |a Λ |b 105811 | ||
| 922 | |a 1ΕΛΗ |b 200308 |c ΕΠΕΑΕΚ2/ΤΚΑ |d ΠΑΠΑΣΩΤΗΡΙΟΥ & ΕΛΕΥΘΕΡΟΥΔΑΚΗΣ | ||
| 950 | |a 117-2002-09-27 | ||
| 970 | |a ΧΡΙΣΤΟΦΑ |b ΝΙΚΗ |z 2003/08/27 | ||